Statistics for Countries who spend most on space exploration

Click here to take the quiz!

General Stats

  • This quiz has been taken 85 times
  • The average score is 9 of 10

Answer Stats

(usdmillions)2015Answer% Correct
39332USA
100%
8691Russia
96%
2430France
96%
10774China
93%
4267India
91%
4321Japan
91%
1626Germany
91%
395Canada
84%
1223Italy
76%
411South Korea
70%

Score Distribution

Percentile by Number Answered

Percent of People with Each Score

Your Score History

You have not taken this quiz